|
|
|
|
| LEADER |
00000naa2a2200000 4500 |
| 001 |
604218 |
| 005 |
20260205163200.0 |
| 035 |
|
|
|a (RuTPU)RU\TPU\conf\1485
|
| 035 |
|
|
|a RU\TPU\conf\1484
|
| 090 |
|
|
|a 604218
|
| 100 |
|
|
|a 20140226d2013 k y0rusy50 ca
|
| 101 |
0 |
|
|a rus
|
| 102 |
|
|
|a RU
|
| 135 |
|
|
|a drnn ---uucaa
|
| 181 |
|
0 |
|a i
|
| 182 |
|
0 |
|a b
|
| 200 |
1 |
|
|a Россия на мировом рынке лесопродукции
|f В. Е. Богданова
|g науч. рук. М. В. Плужник
|
| 203 |
|
|
|a Текст
|c электронный
|
| 225 |
1 |
|
|a Мировая экономика и инвестиции
|
| 300 |
|
|
|a Заглавие с титульного экрана
|
| 320 |
|
|
|a [Библиогр.: с. 21 (6 назв.)]
|
| 337 |
|
|
|a Adobe Reader
|
| 463 |
|
1 |
|0 (RuTPU)RU\TPU\conf\506
|t Импульс-2013
|o труды X Международной научно-практической конференции студентов, молодых ученых и предпринимателей в сфере экономики, менеджмента и инноваций, 27-29 ноября 2013 г., г. Томск
|f Национальный исследовательский Томский политехнический университет (ТПУ) ; под ред. С. Л. Ереминой и др.
|v [С. 19-21]
|d 2013
|
| 610 |
1 |
|
|a труды учёных ТПУ
|
| 610 |
1 |
|
|a электронный ресурс
|
| 610 |
1 |
|
|a Россия
|
| 610 |
1 |
|
|a мировые рынки
|
| 610 |
1 |
|
|a лесопродукция
|
| 610 |
1 |
|
|a лесная промышленность
|
| 700 |
|
1 |
|a Богданова
|b В. Е.
|
| 702 |
|
1 |
|a Плужник
|b М. В.
|c экономист
|c ассистент кафедры экономики Томского политехнического университета
|f 1983-
|g Марина Владимировна
|4 727
|
| 712 |
0 |
2 |
|a Национальный исследовательский Томский политехнический университет (ТПУ)
|b Институт социально-гуманитарных технологий (ИСГТ)
|b Кафедра экономики (ЭКОН)
|3 (RuTPU)RU\TPU\col\18375
|
| 801 |
|
2 |
|a RU
|b 63413507
|c 20140226
|g RCR
|
| 856 |
4 |
|
|u http://www.lib.tpu.ru/fulltext/c/2013/C25/005.pdf
|
| 942 |
|
|
|c CF
|